Normal view
MARC view
Entry Topical Term
001 - CONTROL NUMBER
- control field: 10243
003 - CONTROL NUMBER IDENTIFIER
- control field: OSt
005 - DATE AND TIME OF LATEST TRANSACTION
- control field: 20160715154519.0
008 - FIXED-LENGTH DATA ELEMENTS
- fixed length control field: 160715|| aca||aabn | a|a d
040 ## - CATALOGING SOURCE
- Original cataloging agency: OSt
- Transcribing agency: OSt
150 ## - HEADING--TOPICAL TERM
- Topical term or geographic name entry element: Quality of Health Care.
670 ## - SOURCE DATA FOUND
- Source citation: Work cat.: (OSt)4758: Gray, J. A. Muir 10240, Evidence-based healthcare /, 2001.
